00834nam a2200229Ii 45000010005000000030009000050080041000140200015000550400033000700410008001030820020001111000025001312450100001562640048002563000012003043360026003163370028003423380027003709400050003979990017004479520140004642424CO-ViMGA241108s9999||||xx |||||||||||||| ||und|| a8475099866 aCO-ViMGAbspaerdacCO-ViMGA0 aspa04a353.078 - O716r1 aDavid Osborne94601510aLa reinvención del gobierno:bLa influencia del espíritu empresarial en el sector público 1aMadrid, España : Ediciones Paidós, 1994 avolumen atextbtxt2rdacontent aunmediatedbn2rdamedia avolumebnc2rdacarrier aidficha_siabuc: 2376. -- ficha_no_siabuc:2424 c40556d40556 001040708001aMEVIGERRbMEVIGERRcGENd2006-03-21o353.078 - O716rpECA16846r2024-11-26 08:55:21tEj.1w2024-11-26yBKz2376 | 2828